[Event "LTU-ch"]
[Site "Kaunas"]
[Date "2018.03.02"]
[Round "1"]
[White "Vicas, Marijus"]
[Black "Barsciauskas, Gintautas"]
[Result "1-0"]
[WhiteElo "2126"]
[BlackElo "1657"]
[PlyCount "119"]
[EventDate "2018.03.02"]
[EventType "swiss"]
[EventRounds "9"]
[EventCountry "LTU"]
[SourceTitle "CBM 183 Extra"]
[Source "ChessBase"]
[SourceDate "2018.04.19"]
[SourceVersion "1"]
[SourceVersionDate "2018.04.19"]
[SourceQuality "1"]

1. e4 c5 2. Nc3 Nc6 3. f4 e6 4. Nf3 d5 5. Bb5 a6 6. Bxc6+ bxc6 7. 0-0 Nf6 8. d3 Be7 9. b3 0-0 10. Bb2 Rb8 11. Ne5 Bb7 12. Qe2 Nd7 13. Nxd7 Qxd7 14. Na4 Bc8 15. Ba3 c4 16. Bxe7 Qxe7 17. dxc4 Qa7+ 18. Kh1 a5 19. cxd5 cxd5 20. exd5 exd5 21. Qf2 Qc7 22. Qc5 Qxc5 23. Nxc5 Rb5 24. Nd3 Bf5 25. Rad1 Rc8 26. Rf2 f6 27. Kg1 Kf7 28. Kf1 h5 29. Ke1 a4 30. Kd2 axb3 31. axb3 d4 32. Ra1 Rc3 33. Ne1 Rbc5 34. Ra2 d3 35. cxd3 Rxb3 36. Rc2 Rd5 37. Rc3 Rb2+ 38. Ke3 Rb7 39. Rd2 Re7+ 40. Kf2 Red7 41. h3 g6 42. Kf3 Kg7 43. g4 Be6 44. Ng2 Rd4 45. Ne3 Kf7 46. Nc2 hxg4+ 47. hxg4 Ra4 48. Ra3 Rc4 49. dxc4 Rxd2 50. Ra7+ Kf8 51. Ne3 Rd4 52. Rc7 Rd3 53. Ke4 Rc3 54. g5 fxg5 55. fxg5 Bh3 56. Kd4 Ra3 57. Rb7 Ra8 58. Rh7 Rd8+ 59. Nd5 Bc8 60. Rh8+ 1-0

[Event "LTU-chT"]
[Site "Lithuania"]
[Date "2018.01.27"]
[Round "1.5"]
[White "Kurmis, Edvinas"]
[Black "Vicas, Marijus"]
[Result "0-1"]
[WhiteElo "1433"]
[BlackElo "2126"]
[PlyCount "128"]
[EventDate "2018.01.27"]
[EventType "team-swiss"]
[EventRounds "7"]
[EventCountry "LTU"]
[SourceTitle "EXT 2019"]
[Source "ChessBase"]
[SourceDate "2018.10.10"]
[SourceVersion "1"]
[SourceVersionDate "2018.10.10"]
[SourceQuality "1"]
[WhiteTeam "Plunge Bokstas"]
[BlackTeam "Siauliai Tomas"]
[WhiteTeamCountry "LTU"]
[BlackTeamCountry "LTU"]

1. d4 Nf6 2. c4 g6 3. Nc3 d5 4. Bg5 Bg7 5. e3 c5 6. Bxf6 Bxf6 7. Nxd5 Bg7 8. Nf3 Nc6 9. Be2 0-0 10. 0-0 e6 11. Nc3 cxd4 12. exd4 Nxd4 13. Nxd4 Bxd4 14. Qc2 e5 15. Rad1 a6 16. Bf3 Bf5 17. Be4 Bxe4 18. Qxe4 Qc7 19. Qd3 Rfd8 20. Nd5 Qd6 21. b3 Kg7 22. Qg3 b5 23. Ne3 Qe6 24. Nd5 Rac8 25. Rfe1 bxc4 26. Rxd4 Rxd5 27. Rxc4 Rxc4 28. bxc4 Rc5 29. h3 f6 30. Qb3 Qxc4 31. Qxc4 Rxc4 32. Re2 Kf7 33. Rb2 a5 34. g3 Rb4 35. Rc2 g5 36. Kg2 h5 37. Kf3 Ke6 38. Rc6+ Kf5 39. Rc5 Ra4 40. g4+ Kg6 41. Rc2 h4 42. Kg2 Ra3 43. Rb2 Rc3 44. Rb5 Ra3 45. Rb2 Ra4 46. Kg1 Rb4 47. Rc2 Kf7 48. Rc3 Ke6 49. Ra3 a4 50. Rf3 Rd4 51. Kg2 Rc4 52. Kf1 e4 53. Re3 Kd5 54. Ke1 Rb4 55. Ra3 Kc5 56. Kd2 Rb2+ 57. Ke1 Kb5 58. Kf1 Rd2 59. Re3 Rxa2 60. Rxe4 Rc2 61. f4 a3 62. fxg5 a2 63. Re1 fxg5 64. Ra1 Rb2 0-1

[Event "Panevezys op-A"]
[Site "Panevezys"]
[Date "2017.07.04"]
[Round "3"]
[White "Bekasovs, Rihards"]
[Black "Vicas, Marijus"]
[Result "1/2-1/2"]
[WhiteElo "2000"]
[BlackElo "2051"]
[PlyCount "98"]
[EventDate "2017.07.03"]
[EventType "swiss"]
[EventRounds "9"]
[EventCountry "LTU"]
[SourceTitle "CBM 179 Extra"]
[Source "ChessBase"]
[SourceDate "2017.08.23"]
[SourceVersion "1"]
[SourceVersionDate "2017.08.23"]
[SourceQuality "1"]

1. Nf3 Nf6 2. c4 g6 3. Nc3 d5 4. cxd5 Nxd5 5. e4 Nxc3 6. dxc3 Qxd1+ 7. Kxd1 Bg4 8. Be2 Nd7 9. Be3 e5 10. Nd2 Bxe2+ 11. Kxe2 0-0-0 12. f3 h5 13. h4 Be7 14. Rad1 f5 15. g3 Rhf8 16. Nc4 Bf6 17. a4 Nb6 18. Nxb6+ axb6 19. Bf2 Rd7 20. b3 Bd8 21. Rxd7 Kxd7 22. Rd1+ Ke6 23. Rd3 Be7 24. c4 Bb4 25. Bg1 Ba3 26. Bf2 Ra8 27. Be3 Bb2 28. Rd2 Ba3 29. Rd3 Rf8 30. Bf2 c5 31. Be1 Bb2 32. Bc3 Bxc3 33. Rxc3 Rd8 34. Rc1 Rd4 35. Ke3 Kd6 36. Rc3 Kc7 37. Rd3 f4+ 38. gxf4 exf4+ 39. Ke2 Kd6 40. Rd1 Rxd1 41. Kxd1 Ke5 42. Ke2 Kd4 43. Kf2 Ke5 44. Kg2 Kd6 45. Kf2 Kd7 46. Ke2 Ke7 47. Kf2 Kf6 48. Kg2 Ke6 49. Kf1 Ke5 1/2-1/2

[Event "Panevezys op-A"]
[Site "Panevezys"]
[Date "2017.07.04"]
[Round "2"]
[White "Vicas, Marijus"]
[Black "Lazaravicius, Aras Jonas"]
[Result "1-0"]
[WhiteElo "2051"]
[BlackElo "1863"]
[PlyCount "57"]
[EventDate "2017.07.03"]
[EventType "swiss"]
[EventRounds "9"]
[EventCountry "LTU"]
[SourceTitle "CBM 179 Extra"]
[Source "ChessBase"]
[SourceDate "2017.08.23"]
[SourceVersion "1"]
[SourceVersionDate "2017.08.23"]
[SourceQuality "1"]

1. e4 c5 2. Nf3 e6 3. d3 Nf6 4. g3 b5 5. Bg2 Bb7 6. Nbd2 d5 7. Qe2 Be7 8. 0-0 0-0 9. e5 Nfd7 10. Re1 Nc6 11. h4 a5 12. Nf1 Qc7 13. Bf4 Rfe8 14. N1h2 Rad8 15. Ng4 Bf8 16. h5 h6 17. c3 b4 18. d4 Qb6 19. Qd2 cxd4 20. cxd4 a4 21. Bxh6 gxh6 22. Nxh6+ Bxh6 23. Qxh6 Qc7 24. Bf1 Ne7 25. Rac1 Bc6 26. Bd3 Nf5 27. Bxf5 exf5 28. Rxc6 Re6 29. Qg5+ 1-0

[Event "LTU-ch"]
[Site "Vilnius"]
[Date "2017.03.02"]
[Round "8"]
[White "Bieliauskas, Marius"]
[Black "Vicas, Marijus"]
[Result "0-1"]
[WhiteElo "2154"]
[BlackElo "2043"]
[PlyCount "88"]
[EventDate "2017.02.25"]
[EventType "swiss"]
[EventRounds "9"]
[EventCountry "LTU"]
[SourceTitle "CBM 177 Extra"]
[Source "ChessBase"]
[SourceDate "2017.04.27"]
[SourceVersion "1"]
[SourceVersionDate "2017.04.27"]
[SourceQuality "1"]

1. Nf3 Nf6 2. c4 g6 3. Nc3 Bg7 4. e4 c5 5. d4 cxd4 6. Nxd4 d6 7. Be2 0-0 8. 0-0 Nc6 9. Be3 Bd7 10. Rc1 Rc8 11. f3 a6 12. Qd2 Re8 13. Rfd1 Nxd4 14. Bxd4 Qa5 15. Be3 Be6 16. b3 Nd7 17. Nd5 Qxd2 18. Bxd2 Bxd5 19. exd5 Nc5 20. Be3 a5 21. Bf1 f5 22. Rb1 Ra8 23. Rdc1 Kf7 24. a3 Rec8 25. Bf2 Nd7 26. Bd3 Ne5 27. Be2 Nd7 28. g3 h5 29. h3 Be5 30. f4 Bg7 31. Kg2 Nc5 32. a4 Ne4 33. Be1 b6 34. Bd3 Nc5 35. Bc2 Rc7 36. Bf2 Rac8 37. Kf3 Nxa4 38. Bd1 Nc3 39. Bxb6 Rb7 40. Bxa5 Nxb1 41. Rxb1 Rxc4 42. b4 Rc3+ 43. Kg2 Ra3 44. g4 Rxa5 0-1